| 000 | 00733nam a22002055i 4500 | ||
|---|---|---|---|
| 001 | 154597 | ||
| 003 | ES-MaACL | ||
| 005 | 20250916063054.0 | ||
| 008 | 990505m18971898sp |||| | spa d | ||
| 040 |
_aCCPB | B _bspa _cCCPB | B |
||
| 100 | 1 |
_aPosada, Adolfo, _d1860-1944 _993316 |
|
| 245 | 1 | 0 |
_aTratado de derecho administrativo _b: según las teorías filosóficas y la legislación positiva / _cpor Adolfo Posada. |
| 260 |
_aMadrid : _bLibrería de Victoriano Suárez, _c1897-1898. |
||
| 300 |
_a2 v. ; _c20 cm. |
||
| 510 | 4 |
_aPalau, _c233790 |
|
| 597 | 1 | _aAntep. | |
| 650 | 7 |
_aDerecho administrativo- _zEspaña _2 _9145992 |
|
| 852 |
_aES-MaACL _jF-15291-2 _z-- Enc. pasta valenciana |
||
| 999 |
_c154597 _d154597 |
||